header

Grasmere 2008 (Record no. 93307)

MARC details
000 -LEADER
fixed length control field 01370nam a2200313 a 4500
245 00 - TITLE STATEMENT
Title Grasmere 2008
260 ## - PUBLICATION, DISTRIBUTION, ETC. (IMPRINT)
Place of publication Tirril [England] ;
-- Penrith, Calif. :
Name of publisher Humanities-Ebooks,
Year of publication 2009.
300 ## - PHYSICAL DESCRIPTION
Number of Pages 212 p.
650 #0 - SUBJECT ADDED ENTRY--TOPICAL TERM
Topical Term English literature
Topical Term Romanticism
700 1# - ADDED ENTRY--PERSONAL NAME
Personal name Gravil, Richard.
856 40 - ELECTRONIC LOCATION AND ACCESS
Uniform Resource Identifier http://site.ebrary.com/lib/rucke/Doc?id=10567318

No items available.

© 2026 Rongo University
Contact us: librarian | system librarian | Rongo university